000 00338nam a2200145Ia 4500
003 OSt
005 20240311100643.0
008 170524s9999 xx 000 0 und d
020 _a 9788125916093
040 _cIIMT UNIVERSITY
100 _aCHANDAN- JS
245 0 _aORGANIZATION BEHAVIOUR
260 _bVIKAS PUB.HOUSE
942 _2ddc
_c02
999 _c7897
_d7897